[Event "Barbera del Valles op 41st"]
[Site "Barbera del Valles"]
[Date "2018.07.09"]
[Round "6"]
[White "Deshpande, Aniruddha M"]
[Black "Kavisha, S Shah"]
[Result "1-0"]
[WhiteElo "2132"]
[BlackElo "1723"]
[PlyCount "61"]
[EventDate "2018.07.04"]
[EventType "swiss"]
[EventRounds "9"]
[EventCountry "ESP"]
[SourceTitle "CBM 185 Extra"]
[Source "ChessBase"]
[SourceDate "2018.07.29"]
[SourceVersion "1"]
[SourceVersionDate "2018.07.29"]
[SourceQuality "1"]

1. c4 Nf6 2. g3 g6 3. Bg2 Bg7 4. d4 0-0 5. Nc3 d6 6. Nf3 Nbd7 7. 0-0 h6 8. h3 c6 9. e4 e5 10. Re1 Qc7 11. Be3 a5 12. Qd2 Kh7 13. Rad1 b6 14. dxe5 dxe5 15. Qd6 Ra7 16. b3 Re8 17. Na4 Nxe4 18. Qxc7 Rxc7 19. Nxb6 f5 20. Na4 Bf8 21. Rc1 Bb4 22. Re2 Nb8 23. Nd2 Nxd2 24. Bxd2 Nd7 25. Rce1 Bb7 26. a3 Bxd2 27. Rxd2 c5 28. Rxd7+ Rxd7 29. Nxc5 Bxg2 30. Nxd7 Re7 31. Kxg2 1-0

[Event "Barbera del Valles op 41st"]
[Site "Barbera del Valles"]
[Date "2018.07.06"]
[Round "3"]
[White "Kavisha, S Shah"]
[Black "Samant, Aditya S"]
[Result "1/2-1/2"]
[WhiteElo "1723"]
[BlackElo "2191"]
[PlyCount "107"]
[EventDate "2018.07.04"]
[EventType "swiss"]
[EventRounds "9"]
[EventCountry "ESP"]
[SourceTitle "CBM 185 Extra"]
[Source "ChessBase"]
[SourceDate "2018.07.29"]
[SourceVersion "1"]
[SourceVersionDate "2018.07.29"]
[SourceQuality "1"]

1. e4 c5 2. Nf3 d6 3. Bb5+ Nd7 4. 0-0 Ngf6 5. Re1 a6 6. Bf1 e6 7. c3 Be7 8. g3 0-0 9. Bg2 b5 10. d3 Bb7 11. Nbd2 Rc8 12. h4 e5 13. Nh2 d5 14. Ndf1 dxe4 15. dxe4 c4 16. Bg5 Nc5 17. Bxf6 Qxd1 18. Raxd1 Bxf6 19. Ng4 Rcd8 20. Nxf6+ gxf6 21. Ne3 Rd3 22. Rxd3 cxd3 23. Rd1 Rd8 24. f3 a5 25. b4 Na4 26. Nd5 Nb2 27. Rd2 Bxd5 28. exd5 Rxd5 29. f4 axb4 30. cxb4 Nc4 31. Bxd5 Nxd2 32. fxe5 fxe5 33. Kf2 Nc4 34. Bxc4 bxc4 35. b5 c3 36. b6 c2 37. b7 c1Q 38. b8Q+ Kg7 39. Qxe5+ f6 40. Qe7+ Kg6 41. h5+ Kxh5 42. Qxh7+ Kg5 43. Qxd3 Qb2+ 44. Qe2 Qb4 45. Qe3+ Kg6 46. a3 Qb2+ 47. Kf3 Qa1 48. Qe4+ Kg7 49. Qe7+ Kg6 50. Qd6 Qf1+ 51. Ke4 Qe2+ 52. Kd5 Qd3+ 53. Ke6 Qe4+ 54. Kd7 1/2-1/2

[Event "IND-ch U13 Girls"]
[Site "Puducherry"]
[Date "2013.07.01"]
[Round "2"]
[White "Vaishali, Ramesh Babu"]
[Black "Kavisha, S Shah"]
[Result "1-0"]
[WhiteElo "2009"]
[BlackElo "1550"]
[PlyCount "95"]
[EventDate "2013.06.30"]
[EventType "swiss"]
[EventRounds "11"]
[EventCountry "IND"]
[SourceTitle "EXT 2014"]
[Source "ChessBase"]
[SourceDate "2013.11.20"]
[SourceVersion "1"]
[SourceVersionDate "2013.11.20"]
[SourceQuality "1"]

1. e4 c6 2. d4 d5 3. e5 Bf5 4. Bd3 Bxd3 5. Qxd3 e6 6. Ne2 c5 7. c3 Nc6 8. 0-0 Nge7 9. Na3 Nf5 10. Nc2 Qb6 11. Bf4 Be7 12. dxc5 Bxc5 13. b4 Be7 14. Ng3 Nh4 15. Nh5 0-0 16. Qg3 Ng6 17. Ne3 f6 18. exf6 Bxf6 19. Bc7 Be5 20. Bxb6 Bxg3 21. Bc5 Be5 22. Bxf8 Rxf8 23. Rac1 b5 24. Rfe1 Nf4 25. Nxf4 Bxf4 26. g3 Bg5 27. f4 Bf6 28. Kg2 Kf7 29. f5 exf5 30. Nxd5 Rd8 31. Rcd1 Ne5 32. Nxf6 Rxd1 33. Rxd1 Kxf6 34. Rd6+ Ke7 35. Rd5 Ke6 36. Rxb5 Nc4 37. Rb7 Ne3+ 38. Kf3 Nd5 39. c4 Nc3 40. Rxa7 g6 41. a4 h5 42. a5 Kd6 43. a6 Kc6 44. Rb7 g5 45. b5+ Kc5 46. a7 g4+ 47. Kf4 Ne2+ 48. Ke3 1-0